000 00479nam a2200133 a 4500
008 120416s1973 xx |||||||||||||| || u
050 _aND 1500 May
100 _aMayer, Ralph
245 1 0 _aThe artist's handbook of materials and techniques
_cedited by Edwin Smith
250 _a3rd ed.
260 _c1973
350 _a0.00
995 _D0.00
_FCBU-MAIN LIBRARY (Kitwe)
_H1
_I28.00
_UAVAILABLE
_ZAnnex Low-Usage Collection
999 _c34891
_d34891